00647 a2200145 4500020003600000082001900036100001800055245007900073260004700152300003300199650002800232999001500260952011400275952011200389 a0471691631 (cloth : alk. paper) a624.151363 DUN aDuncan, J. M. aSoil strength and slope stability /cJ. Michael Duncan, Stephen G. Wright. aHoboken, N.J. :bJohn Wiley & Sons,c2005. aix, 297 p. :bill. ;c28 cm. aSlopes (Soil mechanics) c2330d2330 00104070aNITbNITcCEd0000-00-00l4m1o624.151363 DUNpNIT-8052 r2026-02-25s2025-09-11w2017-01-05yBK 00102ddc4070aCLbCLd2022-02-23l1m1o624.151363 DUNpNIT-7034r2023-03-21s2019-11-20w2017-01-05yBK